A short history of english drama (Record no. 187999)

MARC details
000 -LEADER
fixed length control field 00378nam a2200145Ia 4500
008 - FIXED-LENGTH DATA ELEMENTS--GENERAL INFORMATION
fixed length control field 230917s9999||||xx |||||||||||||| ||und||
040 ## - CATALOGING SOURCE
-- 40085
Original cataloging agency VIVEKANANDA LIBRARY
041 ## - Language
-- English
082 ## - DDC NUMBER
Classification number 822.09 E15S
100 ## - MAIN ENTRY--PERSONAL NAME
Personal name Evans, B Ifor
245 #2 - TITLE STATEMENT
Title A short history of english drama
260 ## - PUBLICATION, DISTRIBUTION, ETC. (IMPRINT)
Place of publication, distribution, etc Ludhiana
Name of publisher, distributor, etc International textbook reprienters
Date of publication, distribution, etc 1964
300 ## - PHYSICAL DESCRIPTION
Pages 172 p.
942 ## - ADDED ENTRY ELEMENTS (KOHA)
Koha item type Books
Holdings
Withdrawn status Lost status Damaged status Not for loan Location (home branch) Sublocation or collection (holding branch) Date acquired Koha issues (times borrowed) Koha full call number Accession No. Koha date last seen Koha item type
        VIVEKANANDA LIBRARY VIVEKANANDA LIBRARY 29/08/2002   822.09 E15S 4423 17/09/2023 Books
© Designed and Maintained by Vivekananda Library, MDU Rohtak